Az IFRS-ek és a magyar számviteli rendszer kapcsolata

Bibliográfiai részletek
Szerző: Kenyeres Éva
További közreműködők: Simon Dr. Szilvia
Dokumentumtípus: Diplomadolgozat
Kulcsszavak:IFRS
IFRS bevezetése
Számviteli változások
Online Access:http://dolgozattar.uni-bge.hu/12120

MARC

LEADER 00000nta a2200000 i 4500
001 dolg12120
005 20170517155325.0
008 170517suuuu hu om 000 hun d
040 |a BGE Dolgozattár Repozitórium  |b hun 
041 |a hu 
100 1 |a Kenyeres Éva 
245 1 3 |a Az IFRS-ek és a magyar számviteli rendszer kapcsolata  |c Kenyeres Éva  |h [elektronikus dokumentum] 
246 1 1 |a Az IFRS-ek és a magyar számviteli rendszer kapcsolata 
695 |a IFRS 
695 |a IFRS bevezetése 
695 |a Számviteli változások 
700 1 |a Simon Dr. Szilvia  |e ths 
856 4 0 |u http://dolgozattar.uni-bge.hu/12120/1/Kenyeres_%C3%89va_v%C3%A9gleges_szd.pdf  |z Dokumentum-elérés 
856 4 0 |u http://dolgozattar.uni-bge.hu/12120/2/tikos%C3%ADt%C3%A1si%20k%C3%A9relem.pdf  |z Dokumentum-elérés